LEADER 01252nam a2200229 i 4500 001 000000156018 003 CaOOAMICUS 005 20061127000000.0 008 061127s1926 it u000 u ita u 013 $a133372 040 $aSeMil$bita 100 1 $aBertarelli, Luigi Vittorio <1859-1926>.$0(OLS)http://semarc/name/7716 245 10$aDuemila grotte :$bquarant'anni di esplorazioni nella Venezia Giulia /$cL. V. Bertarelli ed E. Boegan. 260 $aMilano :$bTouring Club Italiano,$c1926. 300 $a494 p. :$bill. ;$c25 cm. 500 $aIn mezzo al front : Con 370 incisioni in nero ; 200 tavole colorate, fuori testo, di sezioni o piante di grotte, schizzi geologici, ecc. ; una carta speleologica della Venezia Giulia in due fogli alla scala di 1 : 100.000. 650 4$aVenezia Giulia - Caverne - Guide.$0(OLS)http://semarc/subject/30507 700 1 $aBoegan, Eugenio.$0(OLS)http://semarc/name/60991 850 $aSeMil 852 $aSeMil$W1$xVenegono$y1$m4Y V 35$j107820$B107820$CSeMilBibl$Z2$F117522 $81 996 $6245$aDuemila grotte :$bquarant'anni di esplorazioni nella Venezia Giulia$9(OLS)http://semarc/title/228605 996 $6260$aMilano :$bTouring Club Italiano$9(OLS)http://semarc/publisher/29688 LEADER 01115nam a2200253 4500 001 000000363079 003 CaOOAMICUS 005 20250609103729.0 008 250609s2025 it a 000 u ita r 020 $a978-88-328-5720-7 040 $aSeMil$bita 100 1 $aFerri, Paolo,$c.$0(OLS)http://semarc/name/4059 245 10$aVolare oltre il cielo :$bi segreti dell?esplorazione spaziale /$cPaolo Ferri. 264 1$aMilano :$bRaffaello Cortina,$c2025. 300 $a270 p., [6] carte di tav. :$bill. ;$c23 cm 490 1 $aScienza e idee ;$v374 650 04$aEsplorazione spaziale.$0(OLS)http://semarc/subject/57800 830 0$aScienza e idee ;$v374.$0(OLS)http://semarc/title/5942 850 $aSeMil 852 $aSeMil$W1$xVenegono$y1$m2NA F 374$j257996$B253953$CSeMilBibl$Z2$F253953 $81 996 $6020$a978-88-328-5720-7$9(OLS)http://semarc/number/303309 996 $6245$aVolare oltre il cielo :$bi segreti dell?esplorazione spaziale$9(OLS)http://semarc/title/454192 996 $6264$aMilano :$bRaffaello Cortina$9(OLS)http://semarc/publisher/31196